Expedición a los Andes colombianos Cordillera Oriental-Serranía Los Farallones (departamento de Cundinamarca 1997) (Registro nro. 2816)

Detalles MARC
000 -CABECERA
Campo de control 00779nam a2200193 a 4500
005 - FECHA Y HORA DE LA ULTIMA TRANSACCION
Campo de control 20140121131817.0
008 - ELEMENTOS DE LONGITUD FIJA—INFORMACION GENERAL
Campo de control 140121b1997 ck ||||| |||| 00| 0 spa d
041 ## - IDIOMA
Código de idioma para texto/pista de sonido o título separado Español
044 ## - PAÍS DE PUBLICACIÓN
País de publicación Colombia
090 ## - CLASIFICACIÓN LOCAL
Colección IAvH
Consecutivo 00195
110 ## - ASIENTO PRINCIPAL--NOMBRE CORPORATIVO
Nombre corporativo o de jurisdicción como elemento de entrada Colombia
Unidad subordinad Ministerio del Medio Ambiente
245 ## - MENCION DE TITULO
Título Expedición a los Andes colombianos Cordillera Oriental-Serranía Los Farallones (departamento de Cundinamarca 1997)
260 ## - PUBLICACION, DISTRIBUCION, ETC. (PIE DE IMPRENTA)
Lugar de publicación, distribución, etc. Bogotá
Nombre del editor, distribuidor, etc. Minambiente
-- Instituto Alexander von Humboldt
Fecha de publicación, distribución, etc. 1997
300 ## - DESCRIPCION FISICA
Extensión 10 p.
710 ## - ASIENTO SECUNDARIO - NOMBRE CORPORATIVO
Nombre corporativo o de jurisdicción como elemento de entrada ^aUnidad Administrativa Especial de Parques Nacionales
710 ## - ASIENTO SECUNDARIO - NOMBRE CORPORATIVO
Nombre corporativo o de jurisdicción como elemento de entrada ^aInstituto de Investigación de Recursos Biológicos Alexander von Humboldt. Grupo de Exploración y Monitoreo Ambiental
710 ## - ASIENTO SECUNDARIO - NOMBRE CORPORATIVO
Nombre corporativo o de jurisdicción como elemento de entrada ^aCORPOGUAVIO
942 ## - ELEMENTOS ADICIONALES (KOHA)
Tipo de ítem CD-ROM
Sistema de clasificación Local
Existencias
Withdrawn status Lost status Sistema de Clasificación Damaged status No para préstamo Colección Ubicación Permanente Ubicación actual Fecha de adquisición Fuente de Valor Total Checkouts Número topográfico Inventario / Código de Barras Date last seen Ejemplar Price effective from Tipo de material
    Local     Humboldt Bogotá Bogotá 02/07/2002 CID Humboldt   IAvH-00195 004163 09/08/2024 Ej. 1 04/12/2012 Informe Técnico
    Local     Humboldt Bogotá Bogotá 03/07/2002 CID Humboldt   IAvH-00195 004164 09/08/2024 Ej. 2 04/12/2012 Informe Técnico
    Local     Humboldt Bogotá Bogotá 23/03/2004 CID Humboldt   IAvH-00195 015722 09/08/2024 Ej. 3 04/12/2012 Informe Técnico